| 000 | 00625nab a2200217 a 4500 | ||
|---|---|---|---|
| 005 | 20210219161309.0 | ||
| 008 | 991125s1985 mx 000 0 spa u | ||
| 035 | _aUPN01000182638 | ||
| 100 | 1 | _aSánchez Santa-Bárbara, Emilio | |
| 222 | _aREVISTA LATINOAMERICANA DE PSICOLOGIA | ||
| 245 | _a40 años de la teoría del liderazgo situacional : una revisión | ||
| 260 | _aBogotá, Colombia | ||
| 300 | _a25-39 | ||
| 362 | 0 | _a2010 Vol. 42, no. 1 | |
| 653 | 0 | _aLIDERAZGO SITUACIONAL | |
| 653 | 0 | _aMADUREZ | |
| 653 | 0 | _aPODER | |
| 700 | 1 | _aRodríguez Fernández, Andrés, | |
| 700 | 1 | _ecoaut. | |
| 905 | _aArticulo | ||
| 999 |
_c154741 _d154741 |
||